Bilecik Bilecik Bilecik Bilecik Bilecik
Normal view MARC view

Entry Toplantı Adı

Number of records used in: 1

001 - KONTROL NUMARASI

  • Kontrol alanı: 61813

003 - KONTROL NUMARASI KİMLİĞİ

  • Kontrol alanı: TR-BiSEU

005 - SON İŞLEM TARİHİ VE ZAMANI

  • Kontrol alanı: 20260207002758.0

008 - SABİT UZUNLUKTAKİ VERİ ÖGELERİ - GENEL BİLGİ

  • Sabit uzunlukta kontrol alanı: 260207|| aca||aabn | a|a d

040 ## - KATALOGLAMA KAYNAĞI

  • Özgün kataloglama kurumu: TR-BiSEU
  • Çeviri kurumu: TR-BiSEU

111 ## - KONU BAŞLIKLARI - TOPLANTI ADI

  • Toplantı adı: En iyi tahmin değerleri ile teknik karşılıkların ve gelecekteki nakit akımlarının hesaplanması semineri (İstanbul : 2010)

670 ## - BİLGİNİN KAYNAĞI

  • Bilginin alındığı kaynak: KOHA: (TR-BiSEU)31272: En iyi tahmin değerleri ile teknik karşılıkların ve gelecekteki nakit akımlarının hesaplanması semineri (İstanbul : 2010), En iyi tahmin değerleri ile teknik karşılıkların ve gelecekteki nakit akımlarının hesaplanması semineri 5 Kasım 2010 İstanbul= Best estimate in calculations of technical reserves and future cash flows 5 November 2010 Istanbul.